000 01224cam a2200289 4500
001 J90729
008 090401t1998 xxu||||| |||| 00| 0 eng d
035 _a(Sirsi) u85198
041 _aeng
050 _a651.59
100 _aWager, Denis
245 _aDocument management for construction : report of a study supported by the Construction Sponsorship Directorate of the Depratment of the Environment, Transport and the Regions.
260 _aCambridge
_bCICA
_c1998
300 _a182p. ; 30cm.
350 _a37.5
520 _aPresents the results of a survey looking at document management sytems within the construction industry. Provides information on the functionality of available systems and their quality as well as case studies. Study supported by the Construction Sponsorship Directorate of DETR.
650 _aCONSTRUCTION INDUSTRY
650 _aCONSTRUCTION SPONSORSHIP DIRECTORATE
650 _aEDM
650 _aELECTRONIC DOCUMENT MANAGEMENT SYSTEMS
650 _aELECTRONIC DOCUMENTS
690 _aMANAGEMENT-BUSINESS MANAGEMENT-INFORMATION MANAGEMENT
700 _aWinterkorn, Erik
710 _aConstruction Industry Computing Association
_92635
942 _n0
948 _c25/03/1998
999 _c97015
_d97015